Tvorba modelov dynamických systémov v 3D a ich vizualizácia

Guardado en:
Detalles Bibliográficos
Autor principal: Kadlec, Roman, 1986- (Autor)
Otros Autores: Bisták, Pavol (Orientador)
Formato: Manuscrito Libro
Lenguaje:eslovaco
Publicado: Bratislava : STU v Bratislave FEI, 2010
Materias:
Acceso en línea:VAIS
Etiquetas: Agregar Etiqueta
Sin Etiquetas, Sea el primero en etiquetar este registro!

MARC

LEADER 00000ntm a22000003a 4500
001 stu209113
005 20160502114205.2
008 100818s2010------------------------slo-d
040 |a STU  |b slo 
041 0 |a slo 
100 1 |a Kadlec, Roman,  |d 1986-  |4 aut  |u E  |T FEI Fakulta elektrotechniky a informatiky  |X 28575  |U E  |Y 30  |7 A000028575 
242 0 0 |a Creation of models of dynamic systems in 3D and their animation  |y eng 
245 1 |a Tvorba modelov dynamických systémov v 3D a ich vizualizácia 
260 |a Bratislava :  |b STU v Bratislave FEI,  |c 2010 
300 |a 49 s  |c 2 príl. 
650 7 |a automatizácia  |2 stusub 
650 7 |a robotika  |2 stusub 
650 7 |a animation  |2 estusub 
650 7 |a vizualizácia  |2 stusub 
650 7 |a 3D grafika  |2 stusub 
650 7 |a 3D modely  |2 stusub 
700 1 |a Bisták, Pavol  |4 ths  |u E010  |T FEI Ústav riadenia a priemyselnej informatiky  |X 3708  |U E010  |Y E010  |7 A000003708 
856 4 |a info a plný text  |u http://is.stuba.sk/zp/portal_zp.pl?podrobnosti=61510  |3 VAIS